=LDR 00000nam 2200000 4500 =001 INLIS000000000028413 =005 20130612130724 =008 ***********************************Ind** =035 ##$$0010-061300000028413 =041 ##$$a Ind =082 ##$$a 610.28 =090 ##$$a 610.28, Sab s =100 ##$$a Sabarguna, Boy S =245 ##$$a Sistem informasi pemeliharaan alat medis rumah sakit, Boy S. Sabarguna =260 ##$$a 2007 $b Jakarta =300 ##$$a ix, 107 hlm, ilus, 23 cm =650 ##$$a Alat Medis =850 ##$$a NBPNMAT